| 000 | 01089cab a2200265 4500 | ||
|---|---|---|---|
| 001 | WB3109-45 | ||
| 008 | 090401t xxu||||| |||| 00| 0 eng d | ||
| 035 | _a(Sirsi) u15676 | ||
| 041 | _aeng | ||
| 245 | _aMisleading other party | ||
| 350 | _a0 | ||
| 490 |
_aTimes _vTimes |
||
| 520 | _a"Commission for the New Towns v Cooper (Great Britain) Ltd (formerly Coopind UK Ltd)" CA 24 February 1995. Held that a party to a contract, who had deliberately mislead the other party as to the terms of the agreement, could not expect performance of the contract but could be bound by the agreement, which the second party thought existed. Considers Law of Property (Miscellaneous Provisions) Act 1989 s2. | ||
| 650 |
_aContracts _96232 |
||
| 650 | _aEXCHANGE OF CONTRACTS | ||
| 650 | _aFALSE REPRESENTATION | ||
| 650 | _aLAW OF PROPERTY (MISCELLANEOUS PROVISIONS) ACT 1989 S2 | ||
| 650 | _aMISLEADING STATEMENTS | ||
| 650 | _aMISREPRESENTATION | ||
| 650 | _aPUT OPTION | ||
| 650 | _aRECTIFICATION | ||
| 690 | _aPROPERTY LAW AND PRACTICE-CASE LAW | ||
| 942 | _n0 | ||
| 948 | _c04/03/1997 | ||
| 999 |
_c10307 _d10307 |
||